Stauter-Halsted, Keely. The nation in the village. - Ithaca, NY [u.a.]
| Titel: | Stauter-Halsted, Keely. The nation in the village. - Ithaca, NY [u.a.] : Cornell Univ. Press. - 2001 [Rezension] |
|---|---|
| Verfasser: | |
| In: |
Slavic review, Band 62, Heft 1 (2003), Seite 159-160 alle Artikel anzeigen |
| Veröffentlicht: | 2003 |
| Format: | Aufsatz |
| Sprache: | Englisch |
X
alg: 39484392
001A $01999:12-11-16
001B $03025:29-02-24 $t09:03:27.000
001D $01999:12-11-16
001U $0utf8
001X $00
002@ $0Aox
003@ $0394843924
006N $000627879
007A $0394843924 $aHEB
007D $asw030325
007T $0Herd51258
010@ $aeng
011@ $a2003
021A $aStauter-Halsted, Keely. The @nation in the village. - Ithaca, NY {[u.a.] $dCornell Univ. Press. - 2001 [Rezension]
028A $aBokovoy $dMelissa K.
031A $d62 $e1 $h159-160 $j2003
039B $aIn $8--Abvc--. Slavic review. - Cambridge : Cambridge University Press, 1961-. - ISSN 0037-6779 $x200300000620001841 $9047271809
039T $8--Aau--Stauter-Halsted, Keely$Z1960- [Tp1]. The @nation in the village. - Ithaca, NY {[u.a.] : Cornell Univ. Press, 2001. - X, 272 S.. - Ill.. - ISBN 0-8014-3844-6 $9099672022
045F $a900.9438 $eDDC23BSB
045F/01 $a900
045F/03 $g438
045T $a3,6 $a7,41
lok: 39484392 78
exp: 39484392 78 1 #EPN
201B/01 $029-02-24 $t09:03:27.000
201U/01 $0utf8
203@/01 $0791142523
208@/01 $a12-11-16 $be
209A/01 $a/ $f000 $x00
209A/01 $ab*p $x01
220C/01 $aTitelaufnehmer: jb
244Z/01 $2Trx $#Poola $#Lenkija $#Polija $#Polen Land $#Poland $#Lengyelország $#Poľsko $#Polsko $8--Trx--Polska$gkraj $x01 $9391345966
244Z/01 $2Trx $#arvustused $#recenzijos $#Reviews $#recenziók $#recenzje $#recenzie $#recenze $8--Trx--Rezensionen $x02 $9391357441
247C/01 $82080>Marburg/Lahn, Herder-Institut, Forschungsbibliothek, Bibliographieportal $9336309341
| LEADER | 00000caa a22000002c 4500 | ||
|---|---|---|---|
| 001 | 394843924 | ||
| 003 | DE-603 | ||
| 005 | 20240229090327.0 | ||
| 007 | tu | ||
| 008 | 161112s2003 xx |||| | u00||u|eng c | ||
| 035 | |a (DE-599)HEB394843924 | ||
| 035 | |a (NL-LiSWE)00627879 | ||
| 040 | |a DE-603 |b ger |c DE-603 |d DE-603 | ||
| 041 | |a eng | ||
| 082 | 0 | 4 | |8 1\u |a 900.9438 |q DE-101 |2 23/BSB |
| 084 | |a 3,6 |a 7,41 |2 ssgn | ||
| 085 | |8 1\u |b 900 | ||
| 085 | |8 1\u |z 2 |s 438 | ||
| 100 | 1 | |a Bokovoy, Melissa K. | |
| 245 | 0 | 0 | |a Stauter-Halsted, Keely. The nation in the village. - Ithaca, NY [u.a.] |b Cornell Univ. Press. - 2001 [Rezension] |
| 264 | 0 | |c 2003 | |
| 773 | 0 | 8 | |i In |t Slavic review |d Cambridge : Cambridge University Press, 1961- |x 0037-6779 |g Band 62, Heft 1 (2003), Seite 159-160 |w (DE-603)047271809 |w (DE-600)203404-9 |
| 787 | 0 | 8 | |i Rezension von |a Stauter-Halsted, Keely, 1960- |t The nation in the village |d Ithaca, NY [u.a.] : Cornell Univ. Press, 2001 |h X, 272 S., Ill. |z 0801438446 |w (DE-603)099672022 |
| 924 | 0 | |9 2080 |a (DE-603)791142523 |b DE-2080 |c HES |d d |g / | |


